00673 2200217 4500001002100000005001500021035002000036245010500056100001800161250002000179300005500199856002200254700003000276260004400306082001000350084001600360020001800376650001000394008004100404990001000445INLIS00000000114836520260603020157 a0010-05260000421 aPRINCESS 10 :bBuku Komik Elex Media Komputindo /cPenulis; Seung Won HAN, Alih Bahasa; Ivana Tamrin0 aSeung Won HAN aEdisi kesepuluh a196 halaman :bIlustrasi ;c11.3 x 17.2 cmeKertas aPerpustakaan Umum0 aAlih Bahasa; Ivana Tamrin aJakarta :bElex Media Komputindo,c2002 aF 813 aF 813 SEU p a979-20-3733-0 4aKomik260603 0  a//002